Statistics for Big Brother 2023 UK

Click here to take the quiz!

General Stats

  • This quiz has been taken 143 times
  • The average score is 15 of 16

Answer Stats

AgeFromOccupationAnswer% Correct
25ScunthorpeLawyerJordan
97%
40EssexNHS ManagerKerry
97%
25CotswoldsFood WriterHenry
96%
23GlasgowDancerOlivia
95%
24Isle Of ManDoctorMatty
92%
50WolverhamptonMake-up ArtistFarida
91%
23LiverpoolSecurity OfficerPaul
91%
21SomersetButcherTom
91%
33LutonMumTrish
91%
25BridgendBarmanJenkin
90%
28ManchesterModelZak
90%
39CoventryDJDylan
89%
26DerbyBankerNoky
89%
29LlanelliDental TherapistChanelle
87%
18South LondonYouth WorkerHallie
87%
25HarrogateCustomer Support AgentYinrun
86%

Score Distribution

Percentile by Number Answered

Percent of People with Each Score

Your Score History

You have not taken this quiz